000 01054nam a22003011 4500
001 35904
003 BD-RjUL
005 20211209052411.0
008 140611s1967 nju b 000 0 eng d
035 _a(BD-RjUL)36000
035 _a(OCoLC)504552
040 _aDLC
_cODaWU
_dOCoLC
_dDLC
_dBD-RjUL
_beng
041 _aeng
082 0 0 _a320.3
_bASN 1967
100 1 _aAshford, Douglas Elliott.
_9109327
245 1 0 _aNational development and local reform :
_bpolitical participation in Morocco, Tunisia, and Pakistan /
_cby Douglas E. Ashford.
260 _aPrinceton, N.J. :
_bPrinceton University Press,
_c1967.
300 _axi, 439 p. ;
_c25 cm.
504 _aBibliography: p. 387-428.
650 0 _aLocal government
_zMorocco.
_9109329
650 0 _aLocal government
_zTunisia.
_9109330
650 0 _aLocal government
_zPakistan.
_916523
740 0 _aPolitical participation in Morocco, Tunisia, and Pakistan.
942 _2ddc
_cBK
999 _c35904
_d35904